Statistics for Jedi: Fallen Order Lightsaber Materials

Click here to take the quiz!

General Stats

  • This quiz has been taken 6 times
  • The average score is 10 of 25

Answer Stats

Material% Correct
Bronzium
75%
Copper
75%
Electrum Plated
75%
Haysian Smelt
75%
Matte
75%
Alloy Metal
50%
Cerakote
50%
Doonium
50%
Duraplast
50%
Arcetron
25%
Aurodium
25%
Corundum
25%
Crodium
25%
Dolovite
25%
Duralium
25%
Durasteel
25%
Durite
25%
Lamina Steel
25%
Mygeeto Campaign
25%
Neuranium
25%
Orichalc
25%
Osmiridium
25%
Polished Bronzium
25%
Silvian Iron
25%
Umbaran Campaign
25%

Score Distribution

Percentile by Number Answered

Percent of People with Each Score

Your Score History

You have not taken this quiz